000 00603nam a2200229 i 4500
001 C2-0215648
003 PPAK
005 20180728104220.0
008 990427s my |||| ||||| | may d
040 _aPPAK
_beng
_cPPAK
_erda
082 0 4 _a899.23303
_2 23
090 0 0 _a899.23303
_bJIH
_dKSA
100 0 _aJihaty Abadi,
_eauthor
245 1 0 _aJalan penoh debu
264 1 _aAlor Setar, Kedah :
_bPustaka Maha ,
300 _av,122 pages ;
_c18 cm
336 _2rdacontent
_atext
337 _2rdamedia
_aunmediated
338 _2rdacarrier
_avolume
650 1 0 _aMalay fiction
942 _ddc
_cB
999 _c159383
_d159383